000 00385nam a2200145 a 4500
008 980722s1960||||xx 0 und c
040 _aSNK
_bslo
_cSNK
_eAACR2
100 1 _aMerle, Robert
245 1 0 _aSmrť je mojím remeslom
260 _aBratislava
_bSlovenské vydavateľstvo krásnej literatúry
_c1960
300 _a364 s.
020 _c17,70
041 _aslo
044 _axo
_cSK
999 _c12333
_d12333